Catálogo
 En Linea

Gaston Lucas, serrurier : (Registro nro. 17726)

Detalles MARC
000 -CABECERA
campo de control de longitud fija 00968cam a2200277 i 4500
001 - NÚMERO DE CONTROL
campo de control 000018205
005 - FECHA Y HORA DE LA ÚLTIMA TRANSACCIÓN
campo de control 20200929165412.0
008 - DATOS DE LONGITUD FIJA--INFORMACIÓN GENERAL
campo de control de longitud fija 770425s1976 fr af 000 0bfre
020 ## - NÚMERO INTERNACIONAL ESTÁNDAR DEL LIBRO
Número Internacional Estándar del Libro 2259001408 :
040 ## - FUENTE DE LA CATALOGACIÓN
Centro catalogador/agencia de origen DO-SdBNP
Centro/agencia transcriptor DLC
Centro/agencia modificador DLC
-- BNPHU
082 ## - NÚMERO DE LA CLASIFICACIÓN DECIMAL DEWEY
Número de clasificación 739.4
Número de documento/Ítem L933B
049 ## - FONDOS LOCALES (OCLC)
Fondos de biblioteca BNGR
100 1# - ENTRADA PRINCIPAL--NOMBRE DE PERSONA
Nombre de persona Blasquez, Adelaide.
9 (RLIN) 39418
245 10 - MENCIÓN DE TÍTULO
Título Gaston Lucas, serrurier :
Resto del título chronique de l'anti-heros /
Mención de responsabilidad, etc. Adelaide Blasquez.
260 ## - PUBLICACIÓN, DISTRIBUCIÓN, ETC.
Lugar de publicación, distribución, etc. París :
Nombre del editor, distribuidor, etc. Plon,
Fecha de publicación, distribución, etc. 1976.
300 ## - DESCRIPCIÓN FÍSICA
Extensión 284 p. :
Otras características físicas il. ;
Dimensiones 21 cm.
490 1# - MENCIÓN DE SERIE
Mención de serie Terre humaine
490 1# - MENCIÓN DE SERIE
Mención de serie Collection d´etudes et de témoignages dirigée par Jean Malaurie
500 ## - NOTA GENERAL
Nota general Incluye notas al pie de las páginas.
600 10 - PUNTO DE ACCESO ADICIONAL DE MATERIA--NOMBRE DE PERSONA
Nombre de persona LUCAS, GASTÓN,
Fechas asociadas al nombre 1907-
Subdivisión general BIOGRAFÍA
9 (RLIN) 39419
650 #4 - PUNTO DE ACCESO ADICIONAL DE MATERIA--TÉRMINO DE MATERIA
Término de materia o nombre geográfico como elemento de entrada Herrajes
Subdivisión general Biografía
9 (RLIN) 39420
650 #4 - PUNTO DE ACCESO ADICIONAL DE MATERIA--TÉRMINO DE MATERIA
Término de materia o nombre geográfico como elemento de entrada Metalurgia
9 (RLIN) 39421
830 #0 - PUNTO DE ACCESO ADICIONAL DE SERIE-TÍTULO UNIFORME
Título uniforme Terre humaine
9 (RLIN) 39422
830 #0 - PUNTO DE ACCESO ADICIONAL DE SERIE-TÍTULO UNIFORME
Título uniforme Collection d´etudes et de témoignages dirigée par Jean Malaurie
9 (RLIN) 39423
910 ## - DATOS DE OPCIÓN DEL USUARIO (OCLC)
Datos de opción del usuario Catalogación por copia / LC
Existencias
Estado de retiro Estado de pérdida Restricciones de uso No para préstamo Código de colección Localización permanente Ubicación/localización actual Ubicación en estantería Fecha de adquisición Número de inventario Total de préstamos Signatura topográfica completa Código de barras Fecha visto por última vez Precio válido a partir de Tipo de ítem Koha
      Excluido de préstamo Monografías: Libros y Folletos General General En catalogación 20.04.2010 LF1   739.4 L933B 18205-10 25.06.2020 25.06.2020 No se presta

Con tecnología Koha